00830 2200289 4500001002100000005001500021035002500036008004100061020001800102040001700120082001400137084001600151100001800167245011400185250003200299260004000331300003200371650003300403700001700436850001200453007000300465041000800468990001600476990001600492990001500508990001700523YOGYA-0209000003543720190726014638 a0010-020900000035437090227s1997 jki g ind d a979-561-443-6 aYOPDYOGbind04223a959.8 a959.8 ANW p0 aAnwar Harjono10aPerjalanan politik bangsa : menoleh ke belakang menatap masa depan /cAnwar Harjono; penyunting, Lukman Hakim aCetakan pertama, April 19973 aJakarta :bGema Insani Press,c1997 axxiii, 160 halaman ;c21 cm 4aIndonesia--xSejarah politik0 aLukman Hakim aYOPDYOGta0 aind a107246-P/98 a107248-P/98 a29519-A/98 a1329-PK/P.01